| 000 | 00676nam a2200217 a 4500 | ||
|---|---|---|---|
| 999 |
_c6872 _d6872 |
||
| 001 | 6872 | ||
| 003 | BD-JhCC | ||
| 005 | 20190714134018.0 | ||
| 008 | 170924s1990 bg | ||a| 000 0 ben d | ||
| 035 | _a(BD-JhCC)6872 | ||
| 040 |
_aBD-JhCC _cBD-JhCC _dBD-JhCC |
||
| 041 | _aben | ||
| 082 |
_a954.96 _bSIR 1990 |
||
| 100 | _aসিরাজ, মুনীর | ||
| 245 |
_aইয়েতির দেশ নেপাল / _cমুনীর সিরাজ |
||
| 260 |
_aঢাকা : _bকাকলী প্রকাশনী, _c1990. |
||
| 300 |
_a৭৯ পৃ. _c২২ সেমি |
||
| 650 |
_aTravel _zNepal |
||
| 942 |
_2ddc _cBK _01 |
||